000 00531nam a2200193 i 4500
001 65993
003 ES-MaACL
005 20250912063043.0
007 t|
008 040126s1965 sp ||||1| cat d
100 1 _aFuster, Joan,
_d1922-1992
_9163689
245 1 0 _aCausar-se d'esperar /
_cJoan Fuster.
260 _aBarcelona :
_bA.C,
_c[1965]
300 _a233 p. ;
_c20 cm.
490 1 _aCara i creu ;
_v4
830 0 _aCara i creu ;
_v4
_9181854
852 _aES-MaACL
_jC-27496
_bR.56586
999 _c65993
_d65993